El tópico literario: teoría y crítica

Gorde:
Xehetasun bibliografikoak
Egile nagusia: López Martínez, María Isabel (autora)
Formatua: Liburua
Hizkuntza:gaztelania
Argitaratua: Madrid Arco Libros 2008
Saila:Colección Perspectivas
Gaiak:
Etiketak: Etiketa erantsi
Etiketarik gabe, Izan zaitez lehena erregistro honi etiketa jartzen!

MARC

LEADER 00000nam a2200000 a 4500
001 UCH4662
003 CL-VaPUC
008 090827e20080000SP |||||||||||||||||spa|d
020 |a 9788476357286 
082 0 4 |a 861.9  |b LOP  |2 21 
100 |a López Martínez, María Isabel  |e autora  |9 540323 
245 1 3 |a El tópico literario: teoría y crítica 
300 |a 279 p 
942 |c BK 
945 |d 20090827 00:00:00  |a dcastane 
260 |a Madrid  |b Arco Libros  |c 2008 
650 7 |a TOPICOS LITERARIOS  |2 CL-VaPUC  |9 540324 
650 0 |a Crítica e interpretación   |9 255042 
583 |a last modification  |c 20090827 00:00:00  |k Rodrigo Vera 
490 0 |a Colección Perspectivas 
999 |c 335936  |d 335934 
952 |0 0  |1 0  |4 0  |6 861_900000000000000_LOP_2008  |7 0  |8 A  |9 426791  |a BIBEDU  |b BIBEDU  |d 2019-11-22  |i 4593812  |l 1  |m 3  |o 861.9 LOP 2008  |p 4593812  |r 2021-11-03  |s 2021-10-21  |w 2019-11-22  |y BK  |k LIT